00449 a2200097 4500001001000000005001700010008004100027245018500068100002200253773007600275ART_6347220260410161612.0260409a 10aAlgunas diferencias y similitudes entre la norma unificada argentina de contabilidad (NUA) y las normas internaciones de información financiera (NIIF). Contratos de arrendamiento1 aZgaib, Alfredo O.0 tProfesional & Empresariag- Año XXVI, Nº 305 (sep./oct. 2025)wREV70